|
|
|
|
| LEADER |
00000 a2200000 4500 |
| 001 |
RU/ROS-EDU.RU/119571 |
| 856 |
4 |
|
|u https://www.ros-edu.ru/book?id=119571
|z Перейти к просмотру издания
|
| 010 |
|
|
|a 978-5-521-00578-9
|
| 100 |
|
|
|a 20170101d2017 |||y0rusy0250
|
| 105 |
|
|
|a y z 000zy
|
| 101 |
0 |
|
|a rus
|
| 102 |
|
|
|a RU
|
| 200 |
1 |
|
|a Меч короля Артура
|b Электронный ресурс
|
| 330 |
|
|
|a Книга представляет собой переложение цикла легенд о знаменитом короле бриттов Артуре и о подвигах рыцарей Круглого стола. Чарующий язык повествования увлечет читателей любого возраста, а великолепные иллюстрации американского художника Говарда Пайла (1853–1911), увидевшие свет в 1903 году, несомненно обогатят восприятие.
|
| 210 |
|
|
|a Санкт-Петербург, Москва
|c Пальмира, Книга по требованию
|d 2017
|
| 610 |
1 |
|
|a художественная литература
|
| 610 |
1 |
|
|a зарубежная проза
|
| 610 |
1 |
|
|a король Артур
|
| 610 |
1 |
|
|a рыцари
|
| 675 |
|
|
|a 82
|
| 686 |
|
|
|a 84
|2 rubbk
|
| 300 |
|
|
|a Книга находится в премиум-версии платформы «Русский как иностранный».
|
| 215 |
|
|
|a 448 с.
|